Eksport udført — 

English file : Teacher's book

This is a course that gets students talking.

Đã lưu trong:
Bibliografiske detaljer
Hovedforfatter: Oxenden, Clive
Format: Bog
Sprog:Undetermined
Udgivet: Oxford Oxford University Press 1999
Fag:
Tags: Tilføj Tag
Ingen Tags, Vær først til at tagge denne postø!
Thư viện lưu trữ: Trung tâm Học liệu Trường Đại học Cần Thơ
LEADER 00718nam a2200241Ia 4500
001 CTU_35384
008 210402s9999 xx 000 0 und d
020 |c 153000 
082 |a 428.24 
082 |b O.98it 
100 |a Oxenden, Clive 
245 0 |a English file : 
245 0 |b Teacher's book 
245 0 |c Clive Oxenden, Christina Latham-Koenig, Gill Hamilton 
260 |a Oxford 
260 |b Oxford University Press 
260 |c 1999 
520 |a This is a course that gets students talking. 
650 |a English language,English language 
650 |x Spoken english 
904 |i Minh 
910 |a Cassettes lưu tại Khoa Sư phạm 
980 |a Trung tâm Học liệu Trường Đại học Cần Thơ